[Event "4. Open Ciudad de Tres Cantos 2012"]
[Site "Tres Cantos ESP"]
[Date "2012.06.26"]
[Round "6.44"]
[White "Muñoz Blazquez, Jose"]
[Black "Martinez Montalvo, Eduardo"]
[Result "0-1"]
[WhiteElo "1410"]
[BlackElo "1827"]
[PlyCount "78"]
[EventDate "2012.06.21"]
[EventType "swiss"]
[EventRounds "9"]
[EventCountry "ESP"]
[Source "lmi"]
[SourceDate "2012.06.21"]

1. e4 d5 2. exd5 Nf6 3. Nc3 Nxd5 4. Nxd5 Qxd5 5. Nf3 Nc6 6. Be2 e5 7. d3 Bc5 8.
O-O O-O 9. a3 Bf5 10. b4 Bd4 11. Nxd4 Nxd4 12. Be3 Rad8 13. Bxd4 Qxd4 14. Qd2
e4 15. c3 Qd6 16. d4 c5 17. bxc5 Qxc5 18. Qe3 Qc7 19. c4 Rd6 20. d5 Rc8 21.
Qxa7 Rh6 22. g3 Ra6 23. Qe3 Rca8 24. c5 Ra5 25. Rfc1 Rc8 26. a4 Rxc5 27. Rxc5
Qxc5 28. Qxc5 Rxc5 29. d6 Rd5 30. Rd1 Rxd1+ 31. Bxd1 Kf8 32. Be2 Ke8 33. Bb5+
Bd7 34. Kf1 Bxb5+ 35. axb5 Kd7 36. Ke2 Kxd6 37. f4 f5 38. h4 h5 39. Kd2 Kc5 0-1

[Event "4. Open Ciudad de Tres Cantos 2012"]
[Site "Tres Cantos ESP"]
[Date "2012.06.26"]
[Round "6.45"]
[White "Pindado Del Carmen, Eliseo"]
[Black "Jimenez Perez, Federico"]
[Result "1-0"]
[WhiteElo "1596"]
[BlackElo "1282"]
[PlyCount "95"]
[EventDate "2012.06.21"]
[EventType "swiss"]
[EventRounds "9"]
[EventCountry "ESP"]
[Source "lmi"]
[SourceDate "2012.06.21"]

1. e4 e5 2. f4 Nc6 3. Nf3 Bc5 4. d3 d6 5. c3 Bg4 6. h3 Bxf3 7. Qxf3 Nf6 8. b4
Bb6 9. a4 a5 10. b5 Ne7 11. fxe5 dxe5 12. Na3 O-O 13. Nc4 Ng6 14. Bg5 h6 15.
Bxf6 Qxf6 16. Qxf6 gxf6 17. Nxb6 cxb6 18. g3 Rac8 19. Kd2 Rfd8 20. Kc2 Kf8 21.
Bg2 Rc5 22. Rhf1 Ke7 23. Rf5 Rdc8 24. Ra3 Rh8 25. c4 h5 26. Ra1 Ke6 27. Raf1
Ke7 28. Rxf6 Nf4 29. Rxb6 Nxg2 30. Rf2 Ne3+ 31. Kd2 Nxc4+ 32. dxc4 Rd8+ 33. Kc3
Rc7 34. Rbf6 Rf8 35. R6f5 Ke6 36. Kb3 Rd8 37. R2f3 Rdc8 38. Rf6+ Ke7 39. Rxf7+
Ke8 40. Rxc7 Rxc7 41. Rf5 Rf7 42. Rxe5+ Kd7 43. Rd5+ Ke6 44. Rd3 Ke5 45. Kc3
Kxe4 46. g4 Rf3 47. Rxf3 Kxf3 48. gxh5 1-0

[Event "4. Open Ciudad de Tres Cantos 2012"]
[Site "Tres Cantos ESP"]
[Date "2012.06.26"]
[Round "6.46"]
[White "Bravo Dominguez, Eduardo"]
[Black "Hernandez Ramos, Alberto"]
[Result "1/2-1/2"]
[WhiteElo "1596"]
[BlackElo "1407"]
[PlyCount "72"]
[EventDate "2012.06.21"]
[EventType "swiss"]
[EventRounds "9"]
[EventCountry "ESP"]
[Source "lmi"]
[SourceDate "2012.06.21"]

1. d4 d5 2. Nf3 Nf6 3. Bf4 Bf5 4. e3 e6 5. Nbd2 Nbd7 6. c3 c5 7. Nh4 Be4 8. f3
Bg6 9. Nxg6 hxg6 10. Be5 c4 11. b3 b5 12. bxc4 bxc4 13. e4 Qa5 14. exd5 exd5
15. Qe2 Be7 16. Bd6 Qd8 17. O-O-O Kf8 18. Bxe7+ Qxe7 19. Qxe7+ Kxe7 20. Re1+
Kd6 21. g4 g5 22. Bg2 Rae8 23. Kd1 Rxe1+ 24. Kxe1 Rb8 25. h4 gxh4 26. Rxh4 Rb2
27. Rh8 Rc2 28. g5 Rxc3 29. gxf6 Nxf6 30. f4 Rc2 31. Rd8+ Kc7 32. Rf8 Kd6 33.
Bh3 Ke7 34. Rb8 Rxa2 35. Rb7+ Ke8 36. Rb8+ Ke7 1/2-1/2

[Event "4. Open Ciudad de Tres Cantos 2012"]
[Site "Tres Cantos ESP"]
[Date "2012.06.26"]
[Round "6.47"]
[White "Cortijo Manso, Luis"]
[Black "Rodriguez Vellon, Jimena"]
[Result "0-1"]
[WhiteElo "1561"]
[BlackElo "1669"]
[PlyCount "50"]
[EventDate "2012.06.21"]
[EventType "swiss"]
[EventRounds "9"]
[EventCountry "ESP"]
[Source "lmi"]
[SourceDate "2012.06.21"]

1. d4 d5 2. Nf3 Nf6 3. g3 Nc6 4. Bg2 Bg4 5. O-O Bxf3 6. Bxf3 e5 7. dxe5 Nxe5 8.
Bg2 Bc5 9. h3 O-O 10. Nc3 c6 11. a3 a5 12. Bf4 Ng6 13. Bd2 Re8 14. e3 Qd7 15.
Na4 Ba7 16. b3 b5 17. Nb2 d4 18. exd4 Bxd4 19. c3 Bb6 20. Qc2 Re2 21. Rad1 Rae8
22. Qc1 Ne4 23. Bxe4 R2xe4 24. Be1 Qxh3 25. Nd3 Rg4 0-1

[Event "4. Open Ciudad de Tres Cantos 2012"]
[Site "Tres Cantos ESP"]
[Date "2012.06.26"]
[Round "6.48"]
[White "Delgado Mena, Diego"]
[Black "Marni De La Cuesta, Antenore"]
[Result "1-0"]
[WhiteElo "1524"]
[BlackElo "1664"]
[PlyCount "71"]
[EventDate "2012.06.21"]
[EventType "swiss"]
[EventRounds "9"]
[EventCountry "ESP"]
[Source "lmi"]
[SourceDate "2012.06.21"]

1. d4 Nf6 2. Nf3 g6 3. e3 Bg7 4. Bd3 d6 5. Nbd2 O-O 6. b3 Nbd7 7. Bb2 Re8 8.
O-O e5 9. Ng5 h6 10. Nge4 d5 11. dxe5 Nxe5 12. Nxf6+ Bxf6 13. f4 Ng4 14. Bxf6
Qxf6 15. Re1 Nxe3 16. Qf3 d4 17. h3 h5 18. Rac1 Qh4 19. Ne4 Bg4 20. hxg4 Nxg4
21. Qh3 Qxh3 22. gxh3 Nh6 23. Nf6+ Kf8 24. Rxe8+ Rxe8 25. Nxe8 Kxe8 26. Rd1 c5
27. a3 a6 28. b4 b6 29. Bxa6 Kd8 30. bxc5 bxc5 31. c3 Nf5 32. cxd4 cxd4 33. Bc4
f6 34. Bf7 g5 35. fxg5 fxg5 36. Bxh5 1-0

[Event "4. Open Ciudad de Tres Cantos 2012"]
[Site "Tres Cantos ESP"]
[Date "2012.06.27"]
[Round "7.1"]
[White "Renteria, Jorge"]
[Black "Rausis, Igor"]
[Result "1/2-1/2"]
[WhiteElo "2326"]
[BlackElo "2514"]
[PlyCount "21"]
[EventDate "2012.06.21"]
[EventType "swiss"]
[EventRounds "9"]
[EventCountry "ESP"]
[Source "lmi"]
[SourceDate "2012.06.21"]

1. e4 c6 2. d4 d5 3. e5 Bf5 4. h4 h5 5. Bg5 Qb6 6. Bd3 Bxd3 7. Qxd3 Qa6 8. e6
Qxd3 9. exf7+ Kxf7 10. cxd3 g6 11. Nf3 1/2-1/2

[Event "4. Open Ciudad de Tres Cantos 2012"]
[Site "Tres Cantos ESP"]
[Date "2012.06.27"]
[Round "7.2"]
[White "Fernandez Blazquez, Diego"]
[Black "Rivera Leon, Mauro Arturo"]
[Result "1-0"]
[WhiteElo "2185"]
[BlackElo "2097"]
[PlyCount "103"]
[EventDate "2012.06.21"]
[EventType "swiss"]
[EventRounds "9"]
[EventCountry "ESP"]
[Source "lmi"]
[SourceDate "2012.06.21"]

1. e4 e5 2. Nf3 Nc6 3. Bb5 a6 4. Ba4 Nf6 5. O-O Be7 6. Re1 b5 7. Bb3 d6 8. c3
O-O 9. h3 Bb7 10. d4 Re8 11. Nbd2 Bf8 12. d5 Nb8 13. Nf1 Nbd7 14. N3h2 g6 15.
Bg5 h6 16. Bxf6 Qxf6 17. Bc2 h5 18. a4 Bh6 19. b4 c6 20. dxc6 Bxc6 21. Ne3 Bxe3
22. Rxe3 Nb6 23. Nf1 Nc4 24. Rf3 Qe6 25. Ne3 bxa4 26. Nd5 Bxd5 27. exd5 Qe7 28.
Bxa4 Nb2 29. Qe2 Nxa4 30. Rxa4 Qb7 31. c4 Qb6 32. Rfa3 Rec8 33. Qa2 Qd4 34. b5
Rab8 35. bxa6 Rb2 36. Qxb2 Qxb2 37. a7 Ra8 38. Ra2 Qb6 39. R2a3 Kg7 40. h4 Qd4
41. g3 Qc5 42. Kg2 Qd4 43. Kg1 e4 44. Kg2 Qc5 45. Kf1 Qd4 46. Kg2 Kf6 47. Kf1
Qd2 48. Kg2 Kf5 49. Ra2 Qd1 50. R2a3 f6 51. Ra1 Qf3+ 52. Kg1 1-0

[Event "4. Open Ciudad de Tres Cantos 2012"]
[Site "Tres Cantos ESP"]
[Date "2012.06.27"]
[Round "7.3"]
[White "Aguado Solana, Juan"]
[Black "Adan Bermudez, Sergio"]
[Result "0-1"]
[WhiteElo "2083"]
[BlackElo "2320"]
[PlyCount "104"]
[EventDate "2012.06.21"]
[EventType "swiss"]
[EventRounds "9"]
[EventCountry "ESP"]
[Source "lmi"]
[SourceDate "2012.06.21"]

1. e4 c5 2. Nf3 Nc6 3. d4 cxd4 4. Nxd4 Nf6 5. Nc3 e5 6. Ndb5 h6 7. f4 a6 8.
Nd6+ Bxd6 9. Qxd6 Qe7 10. fxe5 Nxe5 11. Qb6 d5 12. Be3 Ned7 13. Qd4 dxe4 14.
O-O-O O-O 15. g4 Qe5 16. Be2 Qxd4 17. Bxd4 b5 18. a3 Bb7 19. Rhg1 Rfe8 20. g5
hxg5 21. Rxg5 g6 22. Rdg1 Nh7 23. Rh5 Ndf6 24. Rf5 Re6 25. Bd1 Rd8 26. Ne2 Rd5
27. Rff1 Nh5 28. c3 Rg5 29. Bb3 Re7 30. Be3 Rxg1 31. Rxg1 Nf8 32. Nd4 Re5 33.
Bd1 Nd7 34. b4 Ng7 35. Bf4 Re8 36. Bb3 Nf8 37. Kd1 Nfe6 38. Be3 Rd8 39. Ke2 Bd5
40. Bc2 Rc8 41. Kd2 Nxd4 42. Bxd4 Nf5 43. Bc5 Re8 44. Re1 Nh4 45. Ke2 f5 46.
Rd1 Bc4+ 47. Ke3 g5 48. Rd7 f4+ 49. Kd2 e3+ 50. Kd1 Bf7 51. Bh7+ Kxh7 52. Rxf7+
Kg6 0-1

[Event "4. Open Ciudad de Tres Cantos 2012"]
[Site "Tres Cantos ESP"]
[Date "2012.06.27"]
[Round "7.4"]
[White "Alvarez Abejon, Amilcar"]
[Black "Heras Cuencas, Miguel Angel"]
[Result "1-0"]
[WhiteElo "2074"]
[BlackElo "1985"]
[PlyCount "49"]
[EventDate "2012.06.21"]
[EventType "swiss"]
[EventRounds "9"]
[EventCountry "ESP"]
[Source "lmi"]
[SourceDate "2012.06.21"]

1. e4 e5 2. Nf3 Nf6 3. Nxe5 d6 4. Nf3 Nxe4 5. d4 d5 6. Bd3 Be7 7. O-O Nc6 8.
Nc3 Nxc3 9. bxc3 O-O 10. Re1 Bf6 11. Bf4 Ne7 12. Rb1 Ng6 13. Bg3 b6 14. Re3 Be6
15. Qd2 Ne7 16. Be5 Nf5 17. Re2 Bxe5 18. Nxe5 Qd6 19. Rbe1 c5 20. Nxf7 Kxf7 21.
Rxe6 Qxe6 22. Rxe6 Kxe6 23. Qe2+ Kd7 24. Bb5+ Kc8 25. Qe6+ 1-0

[Event "4. Open Ciudad de Tres Cantos 2012"]
[Site "Tres Cantos ESP"]
[Date "2012.06.27"]
[Round "7.5"]
[White "Erice Alonso, Santiago"]
[Black "Nuñez Miranda, Adrian"]
[Result "1/2-1/2"]
[WhiteElo "2010"]
[BlackElo "1902"]
[PlyCount "64"]
[EventDate "2012.06.21"]
[EventType "swiss"]
[EventRounds "9"]
[EventCountry "ESP"]
[Source "lmi"]
[SourceDate "2012.06.21"]

1. c4 e5 2. g3 g6 3. d4 d6 4. dxe5 dxe5 5. Qxd8+ Kxd8 6. Nc3 c6 7. Bh3 Bxh3 8.
Nxh3 h6 9. b3 Nd7 10. Bb2 Kc7 11. O-O-O f5 12. e4 Ngf6 13. f3 fxe4 14. Nxe4
Nxe4 15. fxe4 Bc5 16. Rhf1 Rhf8 17. Ng1 Rxf1 18. Rxf1 Bxg1 19. Rxg1 Rf8 20. Rg2
Rf1+ 21. Kd2 Kd6 22. Ke3 Re1+ 23. Re2 Rxe2+ 24. Kxe2 Ke6 25. Bc1 h5 26. Be3 b6
27. h3 c5 28. Bg5 Nb8 29. g4 Nc6 30. gxh5 gxh5 31. Kd2 Nb4 32. a3 Nc6 1/2-1/2

[Event "4. Open Ciudad de Tres Cantos 2012"]
[Site "Tres Cantos ESP"]
[Date "2012.06.27"]
[Round "7.6"]
[White "Rodriguez Dorado, Victor"]
[Black "Pastor Alonso De Prado, Alberto"]
[Result "0-1"]
[WhiteElo "1946"]
[BlackElo "2191"]
[PlyCount "54"]
[EventDate "2012.06.21"]
[EventType "swiss"]
[EventRounds "9"]
[EventCountry "ESP"]
[Source "lmi"]
[SourceDate "2012.06.21"]

1. c4 e6 2. g3 d5 3. Bg2 Nf6 4. b3 Be7 5. Nf3 O-O 6. Bb2 b6 7. O-O Nbd7 8. cxd5
Nxd5 9. e4 Nb4 10. d4 Ba6 11. Re1 Nd3 12. Re2 Nxb2 13. Rxb2 c5 14. Nc3 cxd4 15.
Nxd4 Rc8 16. Rc2 Ne5 17. Ncb5 Rxc2 18. Qxc2 Qd7 19. a4 Rc8 20. Qe2 Bc5 21. Qd1
Rd8 22. Qh5 Bxd4 23. Rd1 Bxb5 24. axb5 g6 25. Qg5 h6 26. Qf4 g5 27. Qf6 Bxf2+
0-1

[Event "4. Open Ciudad de Tres Cantos 2012"]
[Site "Tres Cantos ESP"]
[Date "2012.06.27"]
[Round "7.7"]
[White "Lopez Heras, Arturo"]
[Black "Julian Serra, Rogelio"]
[Result "1-0"]
[WhiteElo "1926"]
[BlackElo "2057"]
[PlyCount "85"]
[EventDate "2012.06.21"]
[EventType "swiss"]
[EventRounds "9"]
[EventCountry "ESP"]
[Source "lmi"]
[SourceDate "2012.06.21"]

1. e4 d5 2. exd5 Nf6 3. d4 Nxd5 4. Be2 Nc6 5. c4 Nb6 6. d5 Ne5 7. Nf3 Nxf3+ 8.
Bxf3 e5 9. O-O Bd6 10. Be3 Nd7 11. Nc3 f5 12. Nb5 O-O 13. Nxd6 cxd6 14. g3 g5
15. Bd2 e4 16. Bg2 Ne5 17. Qh5 g4 18. Bg5 Qe8 19. Qxe8 Rxe8 20. h3 Bd7 21. a4
Kf7 22. Bf4 Kf6 23. Rfd1 Rec8 24. Bf1 h5 25. Rdc1 h4 26. gxh4 Rh8 27. Bg3 Nf3+
28. Kh1 Nxh4 29. Bxd6 Ng6 30. Bg2 Rh7 31. c5 Rah8 32. c6 bxc6 33. dxc6 Bc8 34.
Kg1 Ne5 35. Rc5 Nd3 36. Rc3 f4 37. Bxe4 Nxf2 38. Bxh7 Nxh3+ 39. Rxh3 gxh3 40.
Be4 Re8 41. Bf3 Re3 42. Kf2 Rb3 43. Bxf4 1-0

[Event "4. Open Ciudad de Tres Cantos 2012"]
[Site "Tres Cantos ESP"]
[Date "2012.06.27"]
[Round "7.8"]
[White "Lopez Ziegler, Carlos"]
[Black "Guerrero Villanueva, David"]
[Result "1-0"]
[WhiteElo "1913"]
[BlackElo "2021"]
[PlyCount "103"]
[EventDate "2012.06.21"]
[EventType "swiss"]
[EventRounds "9"]
[EventCountry "ESP"]
[Source "lmi"]
[SourceDate "2012.06.21"]

1. e4 c5 2. Nf3 Nc6 3. d4 cxd4 4. Nxd4 e5 5. Nb5 a6 6. Nd6+ Bxd6 7. Qxd6 Qf6 8.
Qd3 Qg6 9. Be3 Nf6 10. Nc3 Nb4 11. Qe2 Nxe4 12. O-O-O Qc6 13. Bd4 exd4 14. Rxd4
O-O 15. Rxe4 Nd5 16. Nxd5 Qxd5 17. Re8 Qg5+ 18. Kb1 d5 19. h4 Qf6 20. Qe7 Qxe7
21. Rxe7 b5 22. Be2 Be6 23. Rd1 Rac8 24. c3 Rc6 25. Rd4 Rb8 26. Ra7 g6 27. g3
b4 28. Rxa6 Rxa6 29. Bxa6 bxc3 30. b3 Ra8 31. Bd3 Ra3 32. Bc2 Kf8 33. Rd3 Bf5
34. Rxc3 d4 35. Rc7 d3 36. Bd1 d2+ 37. Kb2 Ra6 38. a4 h5 39. Kc3 Rd6 40. a5
Rd3+ 41. Kb2 Be6 42. Rc3 Rd5 43. b4 Bd7 44. Rc5 Rd6 45. b5 Ke7 46. b6 Rd4 47.
Kc3 Rd6 48. b7 Bg4 49. b8=Q Bxd1 50. Re5+ Kd7 51. Qb5+ Kc7 52. Re7+ 1-0

[Event "4. Open Ciudad de Tres Cantos 2012"]
[Site "Tres Cantos ESP"]
[Date "2012.06.27"]
[Round "7.10"]
[White "Martin Garcia, Guillermo"]
[Black "Marcos Herrero, Francisco"]
[Result "1-0"]
[WhiteElo "1977"]
[BlackElo "1914"]
[PlyCount "55"]
[EventDate "2012.06.21"]
[EventType "swiss"]
[EventRounds "9"]
[EventCountry "ESP"]
[Source "lmi"]
[SourceDate "2012.06.21"]

1. e4 c5 2. Nf3 d6 3. c3 Nf6 4. h3 Nc6 5. Bd3 g6 6. O-O Bg7 7. Bc2 e5 8. d4
exd4 9. cxd4 O-O 10. Nc3 Re8 11. Be3 b6 12. Re1 a6 13. Qd2 Bb7 14. a3 Qc7 15.
Bf4 Nxd4 16. Nxd4 cxd4 17. Ne2 Nxe4 18. Bxe4 Rxe4 19. f3 Ree8 20. Rac1 Qd7 21.
Nxd4 Qa4 22. Ne2 Rac8 23. Kh1 d5 24. Nc3 Rxe1+ 25. Rxe1 Rxc3 26. bxc3 Bxc3 27.
Qxc3 Qxf4 28. Re8# 1-0

[Event "4. Open Ciudad de Tres Cantos 2012"]
[Site "Tres Cantos ESP"]
[Date "2012.06.27"]
[Round "7.11"]
[White "Montoya Pecurul, Marc"]
[Black "Gomez Celdran, Francisco Miguel"]
[Result "0-1"]
[WhiteElo "1892"]
[BlackElo "1965"]
[PlyCount "98"]
[EventDate "2012.06.21"]
[EventType "swiss"]
[EventRounds "9"]
[EventCountry "ESP"]
[Source "lmi"]
[SourceDate "2012.06.21"]

1. e4 c5 2. Nf3 d6 3. d4 cxd4 4. Nxd4 Nf6 5. Nc3 Nc6 6. Bc4 e6 7. Bb3 Be7 8.
Be3 Nxd4 9. Bxd4 a6 10. O-O O-O 11. f4 b5 12. e5 dxe5 13. fxe5 Nd7 14. Qg4 Bb7
15. Rad1 Qc7 16. Rfe1 Nc5 17. Re3 Rad8 18. Rg3 g6 19. Kf1 b4 20. Na4 Nxb3 21.
cxb3 Qc2 22. Qe2 Qf5+ 23. Kg1 Rc8 24. Rf1 Rc2 25. Rxf5 Rxe2 26. Rf2 Rxf2 27.
Bxf2 Rc8 28. Re3 Rc2 29. Re1 Bc6 30. Rb1 Kf8 31. g3 Ke8 32. h3 Bxa4 33. bxa4
Bc5 34. Bxc5 Rxc5 35. Kf2 Rxe5 36. Rc1 Kd7 37. Rc4 a5 38. Kf3 Kd6 39. Rc8 Rc5
40. Ra8 Kd5 41. Ra7 Kd4 42. g4 Kd3 43. a3 b3 44. Rxf7 Kc2 45. Ke4 Kxb2 46. Kd4
Rd5+ 47. Kc4 Ka2 48. h4 b2 49. h5 b1=Q 0-1

[Event "4. Open Ciudad de Tres Cantos 2012"]
[Site "Tres Cantos ESP"]
[Date "2012.06.27"]
[Round "7.12"]
[White "Galan Fernandez, Felix"]
[Black "Largo Barbero, Benito"]
[Result "1-0"]
[WhiteElo "2085"]
[BlackElo "1864"]
[PlyCount "51"]
[EventDate "2012.06.21"]
[EventType "swiss"]
[EventRounds "9"]
[EventCountry "ESP"]
[Source "lmi"]
[SourceDate "2012.06.21"]

1. e4 d5 2. exd5 Qxd5 3. Nc3 Qa5 4. d4 Nf6 5. Bd3 Bg4 6. Nge2 Nbd7 7. Bd2 c6 8.
Ne4 Qd8 9. h3 Nxe4 10. hxg4 Nxd2 11. Qxd2 g6 12. O-O-O Bg7 13. f4 Qb6 14. c3
Qa5 15. Kb1 b5 16. f5 O-O 17. Rh3 Rfd8 18. fxg6 hxg6 19. Rdh1 e5 20. Rh7 exd4
21. Rxg7+ Kxg7 22. Qh6+ Kf6 23. Nxd4 Nb8 24. Re1 b4 25. g5+ Qxg5 26. Rf1+ 1-0

[Event "4. Open Ciudad de Tres Cantos 2012"]
[Site "Tres Cantos ESP"]
[Date "2012.06.27"]
[Round "7.13"]
[White "Minguela Muñoz, Bienvenido"]
[Black "Arauz Alonso, Fernando"]
[Result "0-1"]
[WhiteElo "1878"]
[BlackElo "2059"]
[PlyCount "74"]
[EventDate "2012.06.21"]
[EventType "swiss"]
[EventRounds "9"]
[EventCountry "ESP"]
[Source "lmi"]
[SourceDate "2012.06.21"]

1. Nf3 c5 2. c4 Nf6 3. Nc3 b6 4. g3 Bb7 5. Bg2 e6 6. O-O Be7 7. e3 O-O 8. b3 d6
9. Bb2 Nbd7 10. d4 Ne4 11. d5 Nxc3 12. Bxc3 exd5 13. cxd5 Bf6 14. Bxf6 Qxf6 15.
Nd2 b5 16. e4 a5 17. Re1 a4 18. Rc1 axb3 19. axb3 Ra2 20. Re3 Rfa8 21. Rec3 Qd4
22. R3c2 Ne5 23. Rxa2 Rxa2 24. Rc2 Ra1 25. Rc1 Ra2 26. Rc2 Ra1 27. Rc1 Rxc1 28.
Qxc1 Nd3 29. Qf1 c4 30. bxc4 bxc4 31. Qe2 g6 32. Bf1 Ba6 33. Qe3 Qxe3 34. fxe3
c3 35. Bxd3 cxd2 36. Bc2 Be2 37. e5 dxe5 0-1

[Event "4. Open Ciudad de Tres Cantos 2012"]
[Site "Tres Cantos ESP"]
[Date "2012.06.27"]
[Round "7.14"]
[White "Martin-Consuegra Barrilero, Javier"]
[Black "Cano Cabanillas, Javier"]
[Result "1-0"]
[WhiteElo "1880"]
[BlackElo "2024"]
[PlyCount "87"]
[EventDate "2012.06.21"]
[EventType "swiss"]
[EventRounds "9"]
[EventCountry "ESP"]
[Source "lmi"]
[SourceDate "2012.06.21"]

1. d4 Nf6 2. Bf4 g6 3. e3 Bg7 4. Nf3 d5 5. h3 O-O 6. Be2 c5 7. c3 Nc6 8. Nbd2
Nd7 9. O-O e5 10. dxe5 Ndxe5 11. Nxe5 Nxe5 12. Nf3 Nc6 13. Qa4 Be6 14. Ng5 d4
15. Nxe6 fxe6 16. cxd4 cxd4 17. Qb3 Qe7 18. Bg4 Rae8 19. Rad1 Kh8 20. Bh2 e5
21. Qc4 Rd8 22. exd4 Rxd4 23. Rxd4 exd4 24. Bf3 Rd8 25. Bf4 Qf6 26. Qc1 d3 27.
Bg5 Qd6 28. Bxd8 d2 29. Qb1 Nxd8 30. b4 Bc3 31. b5 b6 32. Qe4 Ba5 33. Bd1 Kg7
34. f4 Ne6 35. f5 Qd4+ 36. Qxd4+ Nxd4 37. fxg6 hxg6 38. Kf2 Bb4 39. Ke3 Nf5+
40. Kd3 Kh6 41. g4 Ne7 42. h4 Nd5 43. Rf7 Ne7 44. g5# 1-0

[Event "4. Open Ciudad de Tres Cantos 2012"]
[Site "Tres Cantos ESP"]
[Date "2012.06.27"]
[Round "7.15"]
[White "Ruiz Sanchez, Roberto"]
[Black "Martin Espeja, Jorge J"]
[Result "1/2-1/2"]
[WhiteElo "2005"]
[BlackElo "1830"]
[PlyCount "70"]
[EventDate "2012.06.21"]
[EventType "swiss"]
[EventRounds "9"]
[EventCountry "ESP"]
[Source "lmi"]
[SourceDate "2012.06.21"]

1. e4 e5 2. Nf3 Nc6 3. Bb5 a6 4. Ba4 b5 5. Bb3 d6 6. c3 Na5 7. Bc2 c5 8. d4
exd4 9. cxd4 Bg4 10. Nbd2 Nc6 11. h3 Bh5 12. g4 Bg6 13. d5 Ne5 14. Nxe5 dxe5
15. Nf3 Bd6 16. Bg5 f6 17. Be3 Ne7 18. Qd2 c4 19. Nh4 Bf7 20. Bd1 g5 21. Nf5
Nxf5 22. gxf5 h5 23. Be2 h4 24. O-O Bh5 25. f3 Qe7 26. a4 O-O 27. Kg2 Rfc8 28.
Rfc1 Be8 29. Rc2 Bb4 30. Qc1 Bc5 31. Bxc5 Qxc5 32. b3 c3 33. axb5 axb5 34. Rxa8
Rxa8 35. Rxc3 Qb6 1/2-1/2

[Event "4. Open Ciudad de Tres Cantos 2012"]
[Site "Tres Cantos ESP"]
[Date "2012.06.27"]
[Round "7.16"]
[White "Yeves Miquel, Enrique"]
[Black "Pindado Campos, Raul"]
[Result "0-1"]
[WhiteElo "1748"]
[BlackElo "1908"]
[PlyCount "68"]
[EventDate "2012.06.21"]
[EventType "swiss"]
[EventRounds "9"]
[EventCountry "ESP"]
[Source "lmi"]
[SourceDate "2012.06.21"]

1. d4 Nf6 2. c4 g6 3. Nc3 Bg7 4. e4 d6 5. Nf3 O-O 6. Be2 e5 7. O-O Nc6 8. d5
Ne7 9. b4 Nd7 10. Nd2 f5 11. f3 f4 12. Ba3 h5 13. c5 Nf6 14. Nc4 Bd7 15. cxd6
cxd6 16. Kh1 Nc8 17. b5 Qe7 18. Qb3 h4 19. Qb4 Ne8 20. Na4 Kf7 21. h3 Rh8 22.
Nc3 Bf8 23. Bd3 Qg5 24. Ne2 Nf6 25. Qa5 b6 26. Qb4 Nh5 27. Rab1 Ng3+ 28. Nxg3
hxg3 29. Nxe5+ dxe5 30. Qb3 Bd6 31. Rfc1 Bxh3 32. Kg1 Bd7 33. Rc7 Qh4 34. Rxd7+
Ke8 0-1

[Event "4. Open Ciudad de Tres Cantos 2012"]
[Site "Tres Cantos ESP"]
[Date "2012.06.27"]
[Round "7.17"]
[White "Gonzalez Marquez, Jorge"]
[Black "Campos Palacios, Daniel"]
[Result "1/2-1/2"]
[WhiteElo "1721"]
[BlackElo "1896"]
[PlyCount "42"]
[EventDate "2012.06.21"]
[EventType "swiss"]
[EventRounds "9"]
[EventCountry "ESP"]
[Source "lmi"]
[SourceDate "2012.06.21"]

1. e4 c5 2. Nf3 e6 3. c3 Nf6 4. e5 Nd5 5. d4 cxd4 6. Nxd4 Qc7 7. f4 a6 8. Bd3
d6 9. Qe2 Nc6 10. O-O Nxd4 11. cxd4 g6 12. Bd2 Bd7 13. Nc3 Nxc3 14. Bxc3 d5 15.
Rac1 Qb6 16. b3 Be7 17. Bb2 Bb5 18. Rc2 Kd7 19. Rfc1 Rhc8 20. Bxb5+ Qxb5 21.
Qxb5+ axb5 1/2-1/2

[Event "4. Open Ciudad de Tres Cantos 2012"]
[Site "Tres Cantos ESP"]
[Date "2012.06.27"]
[Round "7.18"]
[White "Fernandez Gil, Ruben Carlos"]
[Black "Mauro Juarez, Benito"]
[Result "0-1"]
[WhiteElo "1888"]
[BlackElo "1728"]
[PlyCount "66"]
[EventDate "2012.06.21"]
[EventType "swiss"]
[EventRounds "9"]
[EventCountry "ESP"]
[Source "lmi"]
[SourceDate "2012.06.21"]

1. e4 c5 2. Nf3 e6 3. d4 cxd4 4. Nxd4 Nf6 5. Nc3 Bb4 6. Bd3 e5 7. Nf5 O-O 8.
O-O Bxc3 9. bxc3 d5 10. Ba3 dxe4 11. Ne7+ Kh8 12. Nxc8 exd3 13. Bxf8 Qxf8 14.
Nxa7 Rxa7 15. Qxd3 Nbd7 16. Rfd1 Qc5 17. Rab1 b6 18. Rb5 Qc6 19. Rb2 Ra3 20.
Rb3 Rxa2 21. g4 e4 22. Qd2 h6 23. h4 Qe6 24. g5 Qg4+ 25. Kf1 Qh3+ 26. Ke1 Qh1+
27. Ke2 Qf3+ 28. Ke1 Nc5 29. Rxb6 Nd3+ 30. Kf1 Nf4 31. Qd8+ Ng8 32. Rxh6+ gxh6
33. Qd4+ f6 0-1

[Event "4. Open Ciudad de Tres Cantos 2012"]
[Site "Tres Cantos ESP"]
[Date "2012.06.27"]
[Round "7.19"]
[White "Palenciano Escolar, Adrian"]
[Black "Cabrera Fernandez, Daniel"]
[Result "1/2-1/2"]
[WhiteElo "1595"]
[BlackElo "1880"]
[PlyCount "96"]
[EventDate "2012.06.21"]
[EventType "swiss"]
[EventRounds "9"]
[EventCountry "ESP"]
[Source "lmi"]
[SourceDate "2012.06.21"]

1. e4 c5 2. Nf3 d6 3. d4 cxd4 4. Nxd4 Nf6 5. Nc3 Nc6 6. Bg5 Bd7 7. f4 Qb6 8.
Nb3 Ng4 9. Bh4 Nb4 10. Qd2 Ne3 11. Bd3 Nxd3+ 12. cxd3 Ng4 13. Nd5 Qd8 14. Rc1
Rc8 15. O-O Nf6 16. Rxc8 Qxc8 17. Rc1 Bc6 18. Bxf6 gxf6 19. Qa5 a6 20. Nd4 f5
21. Nc7+ Kd7 22. Nxa6 Bg7 23. Qxf5+ Kd8 24. Nxc6+ bxc6 25. Qa5+ Kd7 26. Qf5+
Kd8 27. Qxc8+ Kxc8 28. Rc2 c5 29. Nb4 Kd7 30. Nd5 Bd4+ 31. Kf1 Rb8 32. Nc3 Kc6
33. Ke2 h5 34. Kf3 e6 35. b3 Kd7 36. Ne2 Bf6 37. Ke3 h4 38. d4 Rg8 39. e5 dxe5
40. fxe5 cxd4+ 41. Kxd4 Rg4+ 42. Ke3 Bxe5 43. Kf3 f5 44. h3 Rb4 45. Nc1 Rf4+
46. Ke3 Re4+ 47. Kf3 Rf4+ 48. Ke3 Re4+ 1/2-1/2

[Event "4. Open Ciudad de Tres Cantos 2012"]
[Site "Tres Cantos ESP"]
[Date "2012.06.27"]
[Round "7.20"]
[White "Sierra Soria, Maria"]
[Black "Fernandez Sanchez, Lorenzo"]
[Result "1-0"]
[WhiteElo "1768"]
[BlackElo "1851"]
[PlyCount "31"]
[EventDate "2012.06.21"]
[EventType "swiss"]
[EventRounds "9"]
[EventCountry "ESP"]
[Source "lmi"]
[SourceDate "2012.06.21"]

1. e4 e5 2. Nf3 Nc6 3. Bb5 d6 4. d4 exd4 5. Qxd4 Bd7 6. Bxc6 Bxc6 7. Nc3 Nf6 8.
Bg5 Be7 9. O-O-O Qd7 10. h3 b6 11. e5 Bxf3 12. gxf3 Qf5 13. Bxf6 gxf6 14. Qd5
O-O 15. exd6 Bxd6 16. Qxf5 1-0

[Event "4. Open Ciudad de Tres Cantos 2012"]
[Site "Tres Cantos ESP"]
[Date "2012.06.27"]
[Round "7.21"]
[White "Hernandez Ramos, David"]
[Black "Rodrigo Yanguas, Maria"]
[Result "0-1"]
[WhiteElo "1619"]
[BlackElo "2198"]
[PlyCount "36"]
[EventDate "2012.06.21"]
[EventType "swiss"]
[EventRounds "9"]
[EventCountry "ESP"]
[Source "lmi"]
[SourceDate "2012.06.21"]

1. e4 e6 2. d4 d5 3. e5 c5 4. Nf3 cxd4 5. Nxd4 Nc6 6. Nf3 Nge7 7. Bd3 Ng6 8.
Qe2 Be7 9. b3 Bd7 10. Bb2 Nf4 11. Qf1 Nb4 12. Kd1 Nbxd3 13. cxd3 Bb5 14. Ne1 d4
15. g3 Nd5 16. a3 Rc8 17. Nc2 Nc3+ 18. Kd2 Ne4+ 0-1